000 00538nam a2200217Ia 4500
003 OSt
005 20220924133420.0
006 a|||||r|||| 00| 0
007 ta
008 220923b |||||||| |||| 00| 0 snd d
024 _a265217
037 _cTextual
040 _aARTS
_cARTS
_bsnd
041 _2snd
_asnd
082 _aO142:3O5,1, 1593K5
100 _aSholukhuf
_9206405
245 0 _aInsan jo nasihat
260 _c1965
942 _hO142:3O5,1, 1593K5
_cTEXL
_2CC
999 _c433759
_d433759